Independent Cities of the United States - Statistics

General Stats
  • This quiz has been taken 17 times
  • The average score is 22 of 41
Answers on the Map
Answers color-coded by a green-red scale on the quiz's map according to % correct below.
 
Answer Stats
Population (2024) State City % Correct
568,271 Maryland Baltimore
100%
301,578 Missouri St. Louis
100%
231,105 Virginia Norfolk
94%
233,655 Virginia Richmond
94%
454,808 Virginia Virginia Beach
94%
159,102 Virginia Alexandria
88%
183,056 Virginia Newport News
88%
58,639 Nevada Carson City
81%
44,767 Virginia Charlottesville
81%
254,997 Virginia Chesapeake
81%
97,912 Virginia Roanoke
81%
137,596 Virginia Hampton
69%
34,058 Virginia Petersburg
69%
41,993 Virginia Danville
63%
26,340 Virginia Fairfax
63%
51,164 Virginia Harrisonburg
63%
80,301 Virginia Lynchburg
63%
103,105 Virginia Suffolk
56%
16,316 Virginia Bristol
50%
96,482 Virginia Portsmouth
50%
16,030 Virginia Williamsburg
50%
15,034 Virginia Falls Church
44%
29,992 Virginia Fredericksburg
44%
43,616 Virginia Manassas
44%
27,800 Virginia Winchester
44%
6,739 Virginia Galax
38%
16,611 Virginia Manassas Park
38%
26,361 Virginia Staunton
38%
8,373 Virginia Franklin
31%
23,498 Virginia Waynesboro
31%
6,581 Virginia Buena Vista
25%
5,402 Virginia Emporia
25%
22,970 Virginia Hopewell
25%
7,802 Virginia Lexington
25%
12,854 Virginia Poquoson
25%
17,273 Virginia Radford
25%
25,908 Virginia Salem
25%
18,674 Virginia Colonial Heights
19%
5,663 Virginia Covington
19%
13,834 Virginia Martinsville
19%
3,478 Virginia Norton
19%
No matching quizzes found
Score Distribution
Percent of People with Each Score
Percentile by Number Answered
Your Score History
You have not taken this quiz